| 000 -LEADER |
| fixed length control field |
00634nam a22002177a 4500 |
| 005 - DATE AND TIME OF LATEST TRANSACTION |
| control field |
20260114082119.0 |
| 008 - FIXED-LENGTH DATA ELEMENTS--GENERAL INFORMATION |
| fixed length control field |
260114b ||||| |||| 00| 0 eng d |
| 020 ## - INTERNATIONAL STANDARD BOOK NUMBER |
| International Standard Book Number |
9780141371399 |
| 040 ## - CATALOGING SOURCE |
| Transcribing agency |
KH8 |
| 082 ## - DEWEY DECIMAL CLASSIFICATION NUMBER |
| Classification number |
823.914 DAH |
| 100 ## - MAIN ENTRY--PERSONAL NAME |
| Personal name |
DAHL,ROALD |
| Relator term |
AUTHOR |
| 245 ## - TITLE STATEMENT |
| Title |
ESIO TROT |
| 260 ## - PUBLICATION, DISTRIBUTION, ETC. |
| Place of publication, distribution, etc. |
Great Britain |
| Name of publisher, distributor, etc. |
Puffin Books |
| Date of publication, distribution, etc. |
1991 |
| 300 ## - PHYSICAL DESCRIPTION |
| Extent |
51 pages |
| Other physical details |
b illustration |
| Dimensions |
19 cm x 13 cm |
| 520 ## - SUMMARY, ETC. |
| Summary, etc. |
'I do actually know how to make tortoises grow faster,if that's really what you want.' |
| 650 ## - SUBJECT ADDED ENTRY--TOPICAL TERM |
| Topical term or geographic name entry element |
Juvenile Literature |
| 655 ## - INDEX TERM--GENRE/FORM |
| Genre/form data or focus term |
Animals |
| 655 ## - INDEX TERM--GENRE/FORM |
| Genre/form data or focus term |
Humour |
| 700 ## - ADDED ENTRY--PERSONAL NAME |
| Personal name |
Blake,Quentin |
| Relator term |
illustrator |
| 942 ## - ADDED ENTRY ELEMENTS (KOHA) |
| Source of classification or shelving scheme |
|
| Koha item type |
Books - Fiction |